banner-ar

من ايام زمان : (Record no. 62698)

MARC details
000 -الفاتح
حقل البيانات ثابتة الطول 01075nam a22002657a 4500
005 - وقت وتاريخ اخر تعامل مع التسجيلة
رقم الضبط 20240530110603.0
008 - عناصر البيانات ثابتة الطول - معلومات عامة
حقل البيانات ثابتة الطول 161015s2015 ua fc f 000 0dara d
017 ## - رقم الايداع القانونى
رقم الايداع القانونى 2015/2027
المصدر ( الهيئة المختصة) مصر. دار الكتب
020 ## - الرقم الدولى المعيارى للكتب
الرقم الدولى المعيارى للكتاب 9789779101415
040 ## - مصدر الفهرسة
وكالة الفهرسة الأصلية EG-CaGPL
وكالة النسخ EG-CaGPL
082 04 - رقم تصنيف ديوى العشرى
رقم الطبعة 21
رقم التصنيف 754\
رقم المادة أ م
100 0# - المدخل الرئيسى - إسم شخصى
الإسم الشخصى احمد طوغان .
245 10 - بيان العنوان
العنوان من ايام زمان :
بقية العنوان لوحات بريشة الفنان احمد طوغان /
بيان المسئوليه,etc ترجمة سعاد فطيم ؛ تقديم عزالدين نجيب ؛ اعداد و تعليق عبدالله الصاوى .
250 ## - بيان الطبعة
بيان الطبعة ط1.
260 ## - PUBLICATION, DISTRIBUTION, ETC. (IMPRINT)
تاريخ النشر أو التوزيع 2015 .
300 ## - الوصف المادى
التعداد 152 ص :
تفاصيل ماديه اخرى للوعاء لوحات ؛
أبعاد الوعاء 24 سم .
600 0# - المدخل الاضافى بالموضوع-اسم شخصى
الإسم الشخصى احمد طوغان
650 07 - المدخل الاضافى بالموضوع-مصطلح موضوعى
مصدر الرأس أو المصطلح qrmak
مصطلح موضوعي الاشخاص فى الفن .
650 07 - المدخل الاضافى بالموضوع-مصطلح موضوعى
مصدر الرأس أو المصطلح qrmak
مصطلح موضوعي الرسم .
700 0# - المدخل الاضافى - اسم شخصى
الإسم الشخصى سعاد فطيم
الدور مترجم .
700 0# - المدخل الاضافى - اسم شخصى
الإسم الشخصى عبدالله الصاوى
الدور معد و معلق .
700 0# - المدخل الاضافى - اسم شخصى
الإسم الشخصى عزالدين نجيب
الدور مقدم .
942 ## - عناصر المدخل الإضافي( كوها)
مصدر التصنيف او مخطط الترفيف Dewey Decimal Classification
Koha [default] item type كتاب
260 ## - PUBLICATION, DISTRIBUTION, ETC. (IMPRINT)
-- القاهرة :
-- الهيئة المصرية العامة للكتاب ،
Holdings
حالة التراجع حالة الفقد حالة تلف ليس للاعارة المكان المؤقت الموقع الحالى موقع الترفيف تاريخ الاكتساب اجمالي اﻻعارات رقم الطلب الباركود تاريخ اخر مشاهدة تاريخ تفعيل السعر نوع وعاء كوها
        مكتبة القاهرة الكبرى مكتبة القاهرة الكبرى   10/15/2016   754\ أ م 162511 10/15/2016 10/15/2016 كتاب

Powered By

EGPV